| 000 | 00666nam a2200217 a 4500 | ||
|---|---|---|---|
| 005 | 20240228063835.0 | ||
| 008 | 991125s1997 mx 000 0 spa u | ||
| 020 | _a9701802705 | ||
| 035 | _aUPN01000050491 | ||
| 049 | _aI | ||
| 050 | 4 |
_aPZ10.3 _bF57 |
|
| 100 | 1 | _aFlores Yarce, Jazmín | |
| 245 | 1 | 3 |
_aLa rana encantada / _cJazmín Flores Yarce ; il. Gabriel Pacheco, Dalia Alvarado |
| 260 |
_aMéxico : _bCNCA : _bCorunda, _c1997. |
||
| 300 |
_a23 p. : _bil., col. |
||
| 440 | 3 | _aEl sueño del dragón | |
| 650 | 0 |
_aAnimales _vCuentos y leyendas _9234 |
|
| 650 | 4 |
_aCuentos infantiles _96744 |
|
| 650 | 4 |
_aLibros y lectura para niños _92290 |
|
| 905 | _aInfantil | ||
| 999 |
_c50491 _d50491 |
||